Statistics for Hunger Games Trilogy - Part One

Click here to take the quiz!

General Stats

  • This quiz has been taken 6,291 times
  • The average score is 19 of 26

Answer Stats

Hint Answer % Correct
Main characterKatniss Everdeen
99%
The other District 12 tributePeeta Mellark
96%
Number of districts in the games12
91%
Main character's younger sisterPrimrose
90%
Hunting friend of the aboveGale Hawthorne
90%
President of the CapitolCoriolanus Snow
89%
May the odds be ever ...In Your Favor
88%
Actress who plays the main character in the movieJennifer Lawrence
86%
Drunken mentorHaymitch Abernathy
85%
# of years the Hunger Games has happened (including this one)74
82%
Friendly District 11 tributesRue
78%
Fictional nation in which the book is setPanem
78%
Main character's head stylistCinna
77%
Export of District 12Coal
75%
Author of the bookSuzanne Collins
71%
Capitol-born chaperone of the District 12 tributesEffie Trinket
66%
TV hostCaesar Flickerman
64%
Last tribute to dieCato
58%
"Shiny" female tribute from District 1Glimmer
55%
Poison that kills FoxfaceNightlock
55%
Friendly District 11 tributesThresh
50%
Name for a Capitol traitor who has their tongue cut outAvox
48%
Mayor's daughterMadge Undersee
48%
Head gamemakerSeneca Crane
47%
Poorest part of District 12The Seam
44%
Marketplace of District 12The Hob
41%

Score Distribution

Percentile by Number Answered

Percent of People with Each Score

Your Score History

You have not taken this quiz